000 00599nam a22002057a 4500
003 BUBTL
008 221118b ||||| |||| 00| 0 eng d
020 _a9847002001168
082 _a891.441/ T129g/ 2010
100 _92957
_aTagore, Rabindranath
245 _aGitanjali/
_bSong Offerings
250 _a1st Edn.
260 _aDhaka
_bFriends' Book Corner
_cc2010
300 _axvi, 112 p.:
_c17 cm.
505 _aGitanjali, Rabindranath Tagore
600 0 _94942
_aEnglish Literature
856 _k0
_l0
_yDownload
942 _2ddc
_cBK
999 _c6814
_d6814